• AIU
  • Tony Wilmot Memorial Library

Yau da gobe : (Record no. 37522)

MARC details
000 -LEADER
fixed length control field 00511nam a22001691a 4500
003 - CONTROL NUMBER IDENTIFIER
control field NEGST
005 - DATE AND TIME OF LATEST TRANSACTION
control field 20110718132513.0
008 - FIXED-LENGTH DATA ELEMENTS--GENERAL INFORMATION
fixed length control field 030618s 001 0 eng d
100 1# - MAIN ENTRY--PERSONAL NAME
Personal name Maxwell, J Lowry.
245 10 - TITLE STATEMENT
Title Yau da gobe :
Remainder of title a Hausa grammar for beginners /
Statement of responsibility, etc rev. by Eleanor M. Forshey.
Medium [Text]
260 ## - PUBLICATION, DISTRIBUTION, ETC. (IMPRINT)
Place of publication, distribution, etc Lagos
Name of publisher, distributor, etc Niger Challenge
Date of publication, distribution, etc [n.d.]
300 ## - PHYSICAL DESCRIPTION
Extent 192 p.
500 ## - GENERAL NOTE
General note Includes bibliography and index.
590 ## - LOCAL NOTE (RLIN)
Local note Accession number: 21718
650 #0 - SUBJECT ADDED ENTRY--TOPICAL TERM
Topical term or geographic name as entry element Hausa language
General subdivision Grammar.
Holdings
Withdrawn status Lost status Source of classification or shelving scheme Damaged status Not for loan Collection code Home library Current library Shelving location Date acquired Source of acquisition Cost, normal purchase price Total Checkouts Full call number Barcode Date last seen Copy number Price effective from Koha item type
    Library of Congress Classification     General Circulation AIU/NEGST - Tony Wilmot Memorial Library AIU/NEGST - Tony Wilmot Memorial Library General Stacks 02/09/2010 Risborough Books 7.00   PJ 9023.Y3M39 R07466K3232 09/26/2019 1 02/09/2010 Books